Declaración universal de derechos humanos

Furkejuvvon:
Bibliográfalaš dieđut
Searvvušdahkki: Comisión Nacional de los Derechos Humanos
Materiálatiipa: Texto
Almmustuhtton: México
Fáttát:
Fáddágilkorat: Lasit fáddágilkoriid
Eai fáddágilkorat, Lasit vuosttaš fáddágilkora!

MARC

LEADER 00000 a a2200000 04500
001 28184
003
040
090 |a CIDCACS-CR:188000  
110 |a Comisión Nacional de los Derechos Humanos  
245 |a Declaración universal de derechos humanos  
260 |a México  
300 |b il.  
500 |a Panfleto  
650 |a DERECHOS HUMANOS  
650 |a LEGISLACION  
650 |a PUBLICACIONES  
999 |c 7712  |d 7712